000
00209nam a2200097Ia 4500
008
170619s9999 xx 000 0 und d
100
_a
Gupta- S.L
245
0
_a
Physics Vol.2
260
_b
SHUBHAM PUB
260
_c
2016
546
_a
ENGLISH
999
_c
21712
_d
21712